[Event "HCL-B217"]
[Site "www.playchess.de"]
[Date "2001.03.20"]
[Round "5"]
[White "janus"]
[Black "Yogibear"]
[WhiteElo "1760"]
[BlackElo "1863"]
[PlyCount "123"]
[Result "1-0"]

1.e4 {Viel Glück und eine schöne Partie !! Gruß 
Rüdiger}  c6 {Hallo Rüdiger, freue mich auf die 
Partir mit dir. Viel Glück! Jürgen}  2.Nc3 {Hallo 
Jürgen ! Bisher haben wir - so glaube ich - erst 
1x gegeneinander gespielt, oder? Gruß Rüdiger}  d5 
{hi rüdiger,kann ich mich hier nicht erinnern. 
vielleicht war es früher bei www.schachspiel.de? 
Gruß}  3.d4 {Genau - und damals endete die Partie 
(ein Sizilianer) remis. Gruß Rüdiger}  dxe4 {Leidr 
sind meine Aufzeichnungen unvollständig..kann mich 
nicht mehr so recht erinnern!Schade!}  4.Nxe4 {Ist 
ja auch Schnee von gestern *g* - konzentrieren wir 
uns auf die aktuelle Partie !}  Nd7 {richtig, 
vielleicht wirds auch hier remis!}  5.Bc4 {Ich 
werde mich bemühen, das Remis zu vermeiden 
*doppelgrins* !!}  Ngf6 {habe ich mir 
gedacht...naja,als Schwarzer reicht mir Remis!}  
6.Nxf6+ {Ok - warten wir es ab. Im Caro-Kann 
kennst Du Dich wahrscheinlich sowieso besser aus 
!!}  exf6 {naja..dein Wort in Gottes Ohr!Der 
größte Caro-Kann-Spezialist dürfte aber SF Hermi 
sein! Gruß}  7.c3 {Das mußte ich auch schon 2x 
leidvoll erfahren !!! Gruß Rüdiger}  Nb6 {Zum 
Trost. Hab auch noch nie gegen ihn gewonnen!}  
8.Bd3 {Kennst Du jemanden, der überhaupt mal gegen 
ihn gewonnen hat ??}  Bd6 {ist mir auch nicht 
bekannt.Hab Hermann übrigens in einer meiner 
Spielgruppen, wird sicher spannend!}  9.Ne2 {Dann 
wünsche ich Dir viel Glück und alles Gute gegen 
ihn !! Spielst Du mit weiß oder mit schwarz ??}  
O-O {spiele gegen ihn mit weiss ACL-A089.Englische 
Eröff. wegen Caro-Kann! Eine sehr spielstarke 
Gruppe!}  10.O-O {Die schaue ich mir mal an - bin 
einfach neugierig *g* !!}  Bg4 {Ja, schau einfach 
mal. Stehe dort gegen Caissa in einer unangenehmen 
Partie voll auf Verlust!}  11.Qc2 {Mal sehen - 
vielleicht gibt es noch eine Rettung ??}  Bxe2 
{nö,wegen dem starken f6Bauern u.d.eingemauerten 
schw. L.Figurenopfer gg. weiße B ist 
aussichtslos!,}  12.Qxe2 {Um nicht matt zu gehen, 
mußt Du eine Figur gegen 2 Bauern geben - schade 
!!}  Re8 {darauf läuft es hinaus! Nammal sehen,wie 
lange ich durchhalte! Gruss Jürgen}  13.Qg4 {Wie 
bist Du mit Deinen anderen Partien zufrieden ? Die 
Japanerin ist sehr stark !!}  g6 {kann man noch 
nicht viel sagen,hoffe,dass sich gegen Fumi meine 
Lieblingsverteidigung bewährt!Gruß}  14.Bh6 {Ok - 
aber paß auf - sie ist taktisch sehr gut !! Gruß 
Rüdiger}  Qe7 {Dann wird es eine interessante 
Partie!Wie sehen deine Partien aus?}  15.Bd2 {Bis 
jetzt bin ich zufrieden; ich werde wohl ein 
B-Turnier gewinnen können.}  Qc7 {dann gratulier 
ich recht herzlich!}  16.g3 {Vielen Dank ! In 
unserer Partie fehlt mir noch die richtige Idee - 
es ist sehr schwierig !!}  c5 {schön, wenn Weiß es 
nicht so leicht hat.Mein Ziel ist somit schon 
erreicht!}  17.Qf3 {... und somit muß ich mal 
wieder die gesamte Arbeit machen *doppelgrins* !!} 
 Nd7 {...die machst du aber bisher recht gut!}  
18.b3 {Danke für das Lob - ich werde mich bemühen, 
ihm gerecht zu werden !!}  cxd4 {das will ich 
nicht hoffen!}  19.cxd4 {Oft ist die Drohung 
stärker als die Ausführung (Zitat Emanuell Lasker) 
!}  f5 {die Drohung Turm auf c1?}  20.Rfc1 {Genau 
- die Frage war: ist es der richtige Turm ???}  
Qb6 {auf einen Angriff folgt ein Gegenangriff! Ich 
denke, beide Turmzüge sind gleichwertig.}  21.Rc4 
{Das stimmt wohl in diesem Fall - wir kommen ja 
gut voran in unserer Partie !!}  Rac8 {die 
bedenkz. spielt bei uns keine rolle mehr,übrig, 
hab ich die selben probleme mit meinen Türmen!}  
22.Be3 {Warum soll es Dir besser ergehen als mir 
*grins* ??}  Nf6 {jetzt ist mir auch unsere Partie 
eingefallen,klar kenne ich dich!! Spielst du noch 
b.schachspiel.de?}  23.Rd1 {Ja - aber nur ganz 
wenige Partien (Name: vorlop).}  Bb4 24.Rxc8 {Noch 
ein Zug vor dem Schlafengehen - die Sucht *g* !!}  
Rxc8 {mir geht es genauso, tschüß bis morgen!}  
25.Bc4 {Heute auch nur ein Zug - meine Frau 
"mault" schon *grins* !!}  Ne4 {auch ich bin heute 
und morgen nicht so sehr aktiv!}  26.a4 {Morgen 
bin ich auf Dienstreise und komme - falls 
überhaupt - erst am Abend zum Ziehen.}  a6 27.Bf4 
Re8 28.Kg2 Bd6 29.Bh6 Bb4 30.g4 Nd6 31.Bd5 Qd8 
32.h3 {Jetzt ist das Spiel komplett ausgeglichen 
!!!}  Qd7 {stimme ich zu, deswegen mein 
Remisangebot!}  33.Kg1 {Ein paar Züge möchte ich 
noch machen - bitte sei mir nicht böse !!}  Rc8 
{warum soll ich dir böse  sein? Dafür ist die 
Partie zu schön!}  34.Rd3 {Ok - dann bin ich 
beruhigt !}  b5 {sehr undurchsichtige Partie!}  
35.axb5 {Ja - und irgendwie liegt noch etwas in 
der Luft - bloß für wen ???}  fxg4 {man weiss 
nicht, wer besser steht!}  36.hxg4 {Das sehe ich 
auch so - es wird bestimmt spannend weitergehen - 
macht mir viel Spaß !!}  Nxb5 {und das ganze ist 
aus einem langweiligen Anfang entstanden,typisch 
Caro-Kann!}  37.Bb7 {Spielt "unsere" Japanerin 
gegen Dich auch so stark? Ich habe ganz schön 
etwas zu knabbern gegen sie}  Re8 {sie findet 
stets unerwartete,aber gute Züge,sie steht auch 
etwas besser, hoffe aber remis zu halten!}  38.Bc6 
{Dann wünsche ich Dir alles Gute ! Was machst Du 
eigentlich beruflich ??}  Re1+ {Bin bei der 
Behörde tätig, und du?}  39.Kg2 {Bei Siemens im 
DV-Vertrieb für Anwendungssoftware - habe ein 
Home-Office !}  Qd8 {ist dir da zufällig ein Olaf 
Hoffmann bekannt?}  40.Bd5 {Sorry - den kenne ich 
nicht ? Wo ist denn sein Dienstort ?}  Nd6 {ich 
glaube Nonnendamm- allee, aber ihr seid ja auch 
eine große Firma, wie wir auch!}  41.Re3 {Den 
Standort kenne ich - werde mal recherchieren. Bist 
Du noch im Büro ??}  Rxe3 {Überraschung-die Seite 
funktioniert wieder, mal sehen wie lange! Gruß 
Jürgen}  42.fxe3 {Hoffentlich auf Dauer !! Heute 
können wir einige Züge schaffen - bin im 
Home-Office.}  Qe7 {na mal schaun, muss aber heute 
noch zum Dienst! Gruß Jürgen}  43.Bc4 {Alles klar 
! Weißt Du, was der Button "Skip" bedeutet ??}  a5 
{vermutl. kann man damit die aktuelle Partie 
überspringen. Scheint aber noch nicht zu 
funktionieren.}  44.Qa8+ {Ok - danke für die Info. 
Ich glaube, daß Weiß inzwischen besser steht ?!}  
Qe8 {stimmt schon, hoffe aber auf Remis!}  
45.Qxe8+ {Diese Hoffnung ist berechtigt. 
Interessantes Endspiel - LL gegen SL !!}  Nxe8 
{ich hoffe, dass mein Springer später etwas Unruhe 
ins Spiel bringt!}  46.Kf3 {... und genau das muß 
ich verhindern *grins* !!}  Nd6 {leider ist in 
dieser Stellung naturgemäß das L-paar stärker}  
47.Bd5 {Ich versuche, es zu behalten - mal sehen, 
wie lange es gelingt ?!}  Ba3 {ich hasse 
Endspiele-und dann noch dieser Dauerbrenner!!}  
48.Kf4 {Dito - ist aber ideal zum Üben !!}  Nc8 
{...und ich bin offensichtlich dein 
Sparringspartner *g*}  49.Bc6 {Eher eine harte 
Nuß, die ich knacken möchte *grins* !!!}  f6 {na 
dann toi toi toi!}  50.Bd5+ {Danke *g* ! Sorry, 
wenn ich erstmal "herumeiere" - ich muß erst den 
richtigen Plan finden !!}  Kh8 {Hurra...patt!   ? 
*g*}  51.Ke4 {Das wäre bitter *doppelgrins* !! 
Bist Du derzeit im Büro oder daheim ??}  Nd6+ 
{noch zu Haus,mache aber Schicht- dienst,deswegen 
bin ich vormittags öfters zu Hause.Gruß}  52.Kd3 
{Ich hatte mich schon gewundert *g*. Ich habe ein 
Home-Office - ist super !! Gruß Rüdiger}  Ne8 
53.e4 {Jetzt wird es Zeit für die Bauern - mal 
sehen, ob einer durchkommt ??}  g5 {Weißer Läufer 
eingesperrt *doppelgrins*}  54.e5 {Aber noch nicht 
gefangen *g* !! Der Bauer setzt seinen Marsch fort 
und hofft !!}  fxe5 {den ersten hab ich erlegt!}  
55.dxe5 {... aber drei bleiben noch übrig !!!}  
Nc7 {ja,die könnten ein gewisses Problem 
bereiten!}  56.Bc4 {Darauf hoffe ich *g* !!}  Bb4 
{mal sehen, wie ich dich matt bekomme! *g*}  
57.Ke4 {Und daher "flüchtet" mein König nach vorn 
*g* !!}  Be7 58.Kf5 Bd8 {das Ende naht....}  
59.Bf8 {Ich glaube das auch, da Dein König 
eingeklemmt ist und meiner am Angriff teilnehmen 
kann.}  Ne8 60.e6 Ng7+ 61.Ke5 h5 {jetzt hab ich 
keine vernünftigen Züge mehr!}  62.e7 {e7 ist wohl 
das direkteste - vielen Dank für die spannende 
Partie und auf bald !!!}  1-0

[Event "ACL-A114"]
[Site "www.playchess.de"]
[Date "2001.03.20"]
[Round "1"]
[White "Yogibear"]
[Black "roofus"]
[WhiteElo "1819"]
[BlackElo "696"]
[PlyCount "35"]
[Result "1-0"]

1.d3 {hello - have a nice game}  d5 {hi, thanks ! 
you too.:->}  2.g3 e5 3.Bg2 d4 4.c4 Bb4+ 5.Bd2 Nc6 
6.Bxc6+ Bd7 7.Bxd7+ Qxd7 8.Bxb4 O-O-O 9.Nf3 Qf5 
10.Nbd2 Nf6 11.O-O Ng4 12.c5 Rhe8 13.c6 b6 14.Qa4 
Kb8 15.Nc4 Qe6 16.Ncxe5 Nxe5 17.Nxe5 Qxe5 
18.Qa6 1-0

[Event "HCL-C211"]
[Site "www.playchess.de"]
[Date "2001.03.20"]
[Round "8"]
[White "craigsadler"]
[Black "nikolayk"]
[WhiteElo "693"]
[BlackElo "1029"]
[PlyCount "45"]
[Result "1-0"]

1.e4 e5 2.Nf3 Nc6 3.Bc4 h6 4.O-O Nf6 5.d3 d5 
6.exd5 Nxd5 7.Re1 Be7 8.Nxe5 O-O 9.Bxd5 Qxd5 
10.Nxc6 Qxc6 11.Rxe7 Be6 12.Bf4 Rfd8 13.Rxc7 Qb6 
14.b3 g5 15.Bg3 f5 16.Be5 Rde8 17.Rg7+ Kf8 18.Qh5 
Qb4 19.Nc3 Qa5 20.Bf6 Rac8 21.Qxh6 Red8 22.Qh8+ 
Bg8 23.Qxg8+ 1-0

[Event "HCL-C215"]
[Site "www.playchess.de"]
[Date "2001.03.20"]
[Round "10"]
[White "IQ"]
[Black "pgschumy"]
[WhiteElo "1000"]
[BlackElo "1051"]
[PlyCount "52"]
[Result "0-1"]

1.e4 {Hi!}  c5 {Hello!}  2.Nf3 Nc6 3.c3 g6 4.d4 
cxd4 5.cxd4 Bg7 6.Nc3 d6 7.d5 Ne5 8.Nxe5 Bxe5 
9.Bb5+ Bd7 10.Bxd7+ Qxd7 11.O-O Rc8 12.Bd2 Nf6 
13.Rc1 O-O 14.Be3 Bxc3 15.Rxc3 Nxe4 16.Rxc8 Rxc8 
17.Bxa7 Ra8 18.Qd4 Nf6 19.Ra1 Nxd5 20.g3 b5 21.a4 
Rxa7 22.Qxd5 Rxa4 23.Rxa4 bxa4 24.Qa2 e5 25.b3 
axb3 26.Qxb3 Qe6 0-1

[Event "HCL-B210"]
[Site "www.playchess.de"]
[Date "2001.03.20"]
[Round "18"]
[White "DepthCharge"]
[Black "runciter"]
[WhiteElo "1522"]
[BlackElo "1500"]
[PlyCount "49"]
[Result "1-0"]

1.e4 {Good luck! :)}  e5 {also! greetings from 
germany}  2.Nf3 Nf6 3.Nxe5 d6 4.Nf3 Nxe4 5.Nc3 Nf6 
6.Bc4 d5 7.Qe2+ Be7 8.Bb3 O-O 9.O-O Re8 10.d4 Nc6 
11.Bg5 Bg4 12.Qd1 Bxf3 13.gxf3 Na5 14.Bxf6 Nxb3 
15.Bxe7 Rxe7 16.axb3 c6 17.Kh1 Qc7 18.Qd2 Re6 
19.Rfg1 Kf8 20.Qg5 Rg6 21.Qf5 Rh6 22.Rg3 a6 
23.Rag1 g6 24.Qf6 Re8 25.Qh8+ 1-0

[Event "HCL-B210"]
[Site "www.playchess.de"]
[Date "2001.03.20"]
[Round "19"]
[White "Translightor"]
[Black "DepthCharge"]
[WhiteElo "1469"]
[BlackElo "1522"]
[PlyCount "65"]
[Result "1-0"]

1.e4 {Hello & Good Luck.}  c5 {Hi! :) Good luck!}  
2.Nf3 {In which part of Canada do you live?}  d6 
{I live in Toronto, Canada.}  3.d4 {A friend of 
mine spent a year in Canada. She is still 
fascinated of the country and the people.}  cxd4 
4.Nxd4 Nf6 {Thanks, that's nice to hear. :)}  
5.Nc3 {Would you like to surprise her with an 
e-mail message?}  g6 {Sure, ok! That would be 
interesting.}  6.Be3 {Fine. Her name is Karin, and 
her e-mail adress Translatorone@aol.com}  Bg7 {Ok, 
I'll send her an e-mail. :)}  7.f3 {Thanks. She 
will surely respond.}  O-O 8.Qd2 Nc6 9.Bc4 Re8 
10.O-O-O a6 11.h4 Qa5 12.a3 Ne5 {She sent an 
e-mail reply. I'll respond shortly. What kind of 
translations do you do?}  13.Be2 {Most are 
technical texts and contracts. Working languages 
English and Spanish. What's your job?}  Nh5 {I'm a 
chemist. I worked in Japan for 6 years editing 
technical reports and some translation work.}  
14.Bf2 {So we are kind of colleagues, but 
translating Japanese must be tough work!}  Be6 
{Written Japanese is very difficult to learn. 
There are about 2,000 characters to learn.}  
15.Nxe6 {I wonder how they can fit on a PC 
keyboard!}  fxe6 {Yes, you need to learn the 
Japanese "alphabit" and how to type using the 
alphabit.}  16.f4 {You translated only into 
English, or into Japanese too?}  Bh6 {Mostly 
Japanese into English. Some very simple English to 
Japanese}  17.g3 {I see I must start to 
concentrate on the game. I hadn't seen Bh6.}  Ref8 
{Don't concentrate too much! :)}  18.Bxh5 {I 
thought I had a clearly better position, but I'm 
not so sure now.}  gxh5 {My King is very exposed, 
I think, +/= . .}  19.Qe2 {Mine isn't placed much 
better, with the open c line, and the Bh6 hurts.}  
Rac8 {Yes, that Bh6 was a saviour and a bit lucky. 
:)}  20.Be1 Qc7 21.Qxh5 Rf6 {Hmm, missed Qxp.}  
22.Kb1 {It's still much too early for 
compliments.}  Nc4 23.Bf2 Nxa3+ 24.bxa3 {Somehow I 
knew that disaster was on its way, but I don't 
know where.}  Qxc3 25.Qe2 Qxa3 26.Rd3 Qa5 27.Rb3 
b5 28.Rd1 e5 29.Qg4+ {Thanks. That's what I hoped 
for.}  Bg7 {Yikes! Where did that Queen come 
from?!}  30.Qxc8+ {e2.}  Rf8 31.Qe6+ Rf7 32.f5 
{Otherwise the next surprise would be yours (exf4 
and mate on a1)}  Qd8 {Batten down the 
hatches!Seal all compartments!}  
33.g4 1-0

[Event "ACL-A108"]
[Site "www.playchess.de"]
[Date "2001.03.20"]
[Round "16"]
[White "DIG"]
[Black "Winkler"]
[WhiteElo "1500"]
[BlackElo "1260"]
[PlyCount "65"]
[Result "1/2-1/2"]

1.e4 Nf6 {Hello Dig,good luck and interesting 
game.Andreas}  2.Nc3 e5 3.Nf3 Nc6 4.Bb5 d6 5.h3 
Bd7 6.d3 Be7 7.Be3 O-O {dopreü den ivan}  8.a3 a6 
9.Bc4 b5 10.Ba2 Be6 11.Nd5 h6 12.Nxe7+ Qxe7 13.O-O 
Bxa2 14.Rxa2 Qe6 15.Ra1 Ne7 16.Nh4 c5 17.f4 exf4 
18.Rxf4 Ng6 19.Nxg6 fxg6 20.Qe2 Nd7 21.Raf1 Rxf4 
22.Rxf4 Rf8 23.Rxf8+ Nxf8 24.Bf4 Kh7 25.c3 Nd7 
26.d4 cxd4 27.cxd4 d5 28.e5 Nf6 29.Be3 Ne4 30.Qe1 
Qb6 31.Qf1 Qe6 32.Qf8 g5 33.Kh1 1/2-1/2

[Event "HCL-A098"]
[Site "www.playchess.de"]
[Date "2001.03.20"]
[Round "36"]
[White "Goldhair"]
[Black "cyberale"]
[WhiteElo "1539"]
[BlackElo "1700"]
[PlyCount "31"]
[Result "1-0"]

1.e4 e5 2.Nf3 Nc6 3.Bb5 a6 4.Ba4 Nf6 5.O-O Bc5 
6.Nxe5 Nxe5 7.d4 Nxe4 8.Re1 b5 9.Rxe4 d6 10.Bb3 
Bb7 11.Re2 Bb6 12.dxe5 O-O 13.e6 fxe6 14.Bxe6+ Kh8 
15.Qe1 Qg5 16.Bxg5 1-0

[Event "HCL-C213"]
[Site "www.playchess.de"]
[Date "2001.03.20"]
[Round "5"]
[White "Saroman"]
[Black "Coney"]
[WhiteElo "1000"]
[BlackElo "1087"]
[PlyCount "99"]
[Result "1/2-1/2"]

1.e4 e5 2.Nf3 Nc6 3.Bc4 Nf6 4.Ng5 d5 5.exd5 Na5 
6.Bb5+ c6 7.dxc6 bxc6 8.Ba4 Nd5 9.d3 h6 10.Nf3 Bd6 
11.Bd2 Bd7 12.a3 O-O 13.b4 Nb7 14.Nc3 Re8 15.O-O 
Nxc3 16.Bxc3 e4 17.dxe4 Rxe4 18.Re1 Re8 19.Ne5 
Bxe5 20.Rxe5 Qc7 21.Qd4 f6 22.Rxe8+ Rxe8 23.Bb3+ 
Kh8 24.Re1 Rxe1+ 25.Bxe1 c5 26.bxc5 Nxc5 27.h3 
Nxb3 28.cxb3 Qb7 29.b4 Bc6 30.f3 Bxf3 31.gxf3 Qxf3 
32.Qxa7 Qxh3 33.b5 Qg4+ 34.Kf1 Qc4+ 35.Kf2 Qxb5 
36.a4 Qf5+ 37.Ke2 Qe4+ 38.Kd2 Qf4+ 39.Kd3 Qf3+ 
40.Kd4 Qd1+ 41.Kc4 Qxe1 42.a5 Qc1+ 43.Kb5 Qb2+ 
44.Kc6 Qc3+ 45.Kb7 Qb4+ 46.Ka8 Kh7 47.a6 Qe4+ 
48.Qb7 Qe8+ 49.Qb8 Qe4+ 50.Qb7 1/2-1/2

[Event "HCL-C213"]
[Site "www.playchess.de"]
[Date "2001.03.20"]
[Round "29"]
[White "chico"]
[Black "arsenic"]
[WhiteElo "1000"]
[BlackElo "1225"]
[PlyCount "23"]
[Result "1-0"]

1.e4 e6 2.d4 d5 3.exd5 exd5 4.Nf3 Bg4 5.Be2 Nc6 
6.c3 Qe7 7.O-O O-O-O 8.Re1 Qd7 9.h3 Bxh3 10.gxh3 
Qxh3 11.Ng5 Qf5 12.Bg4 1-0

[Event "HCL-B225"]
[Site "www.playchess.de"]
[Date "2001.03.20"]
[Round "10"]
[White "Bill"]
[Black "Birdmove"]
[WhiteElo "1264"]
[BlackElo "1500"]
[PlyCount "49"]
[Result "1-0"]

1.e4 d5 2.exd5 Qxd5 3.Nc3 Qa5 4.d4 Nf6 5.Bc4 Bf5 
6.Nf3 e6 7.O-O Nbd7 8.Re1 c6 9.Nh4 Bg6 10.Nxg6 
hxg6 11.Bf4 Be7 12.Qd2 O-O-O 13.Nd5 Qxd2 14.Bxd2 
Nxd5 15.h3 Bd6 16.Rad1 N7b6 17.Bb3 Rh5 18.c4 c5 
19.cxd5 c4 20.Rdc1 exd5 21.Bd1 Kb8 22.Bxh5 gxh5 
23.Ba5 Bc7 24.Re7 Rf8 25.Bb4 1-0

[Event "HCL-B224"]
[Site "www.playchess.de"]
[Date "2001.03.20"]
[Round "31"]
[White "richard"]
[Black "Whatever"]
[WhiteElo "1500"]
[BlackElo "1473"]
[PlyCount "38"]
[Result "0-1"]

1.e4 {greetings from Aamherst, MA}  c5 {Good game 
to you. Is it the UMASS Amherst - I studied there. 
What about the"black sheep"?}  2.Nf3 {still there. 
I'm a retired prof}  Nc6 {I didn't check the 
player's profile. I would have asked for the 
library I had. Sorry :-)}  3.d4 cxd4 4.Nxd4 {what 
library?}  g6 {Wasn't there this great ugly red 
building next to the wonderful church at the 
pond?}  5.c4 {the library is still there, but went 
through lots of falling brick problems}  Bg7 6.Be3 
Nf6 7.f3 O-O 8.Qd2 {when were you last in 
Amherst?}  d6 {Actually, I was there in 10/99 
showing the leaves to my family. It was great.}  
9.Nc3 {where are you now?}  Bd7 10.g4 Rc8 11.h4 
Ne5 12.b3 Qa5 13.Rd1 Nfxg4 14.fxg4 {gutsy but is 
it sound?}  Nf3+ {I don't know. But that's what 
they told me at the student union. Win the Queen 
if you can.}  15.Nxf3 {aha}  Bxc3 16.Rg1 b5 17.h5 
Bc6 18.cxb5 Bxb5 19.Bxb5 {you're playing with me}  
Qxb5 {You could resign - and I would have a game 
under 20 moves.}  0-1

[Event "HCL-C227"]
[Site "www.playchess.de"]
[Date "2001.03.20"]
[Round "5"]
[White "craigsadler"]
[Black "tomku"]
[WhiteElo "731"]
[BlackElo "1000"]
[PlyCount "44"]
[Result "0-1"]

1.e4 e5 2.Nf3 Nc6 3.Bc4 Nf6 4.Ng5 Qe7 5.Nxf7 Rg8 
6.Nd6+ Kd8 7.Bxg8 Qxd6 8.Bd5 Nxd5 9.exd5 Qxd5 
10.Nc3 Qxg2 11.Rf1 Bc5 12.Nd5 Qxd5 13.d3 d6 
14.Bg5+ Ne7 15.f4 exf4 16.Bxe7+ Kxe7 17.Rxf4 Be6 
18.Qe2 Kd7 19.Rd1 Re8 20.Qf3 Qxf3 21.Rxf3 Bg4+ 
22.Kd2 Bxf3 0-1

[Event "HCL-B227"]
[Site "www.playchess.de"]
[Date "2001.03.20"]
[Round "1"]
[White "Translightor"]
[Black "Ajedrex"]
[WhiteElo "1505"]
[BlackElo "1500"]
[PlyCount "64"]
[Result "0-1"]

1.e4 e5 2.Nf3 Nc6 3.Bb5 Nge7 4.O-O a6 5.Ba4 b5 
6.Bb3 Ng6 7.c3 Be7 8.d4 O-O 9.Re1 Bb7 10.Nbd2 d6 
11.Nf1 Re8 12.Ng3 Na5 13.Bc2 Nc4 14.b3 Nb6 15.Nf5 
Bf6 16.d5 Bc8 17.g4 Nf4 18.Bxf4 exf4 19.Qd2 b4 
20.N5d4 Bxg4 21.Qxf4 Qd7 22.Rad1 bxc3 23.Rd3 Bxf3 
24.Qxf3 Nxd5 25.Red1 Nb4 26.Rxc3 Nxa2 27.Rcd3 Nb4 
28.Rc3 c5 29.Rc4 Bxd4 30.Rdxd4 Nxc2 31.Rd2 Nd4 
32.Qd1 Rxe4 0-1

[Event "HCL-C230"]
[Site "www.playchess.de"]
[Date "2001.03.20"]
[Round "21"]
[White "otaolive"]
[Black "craigsadler"]
[WhiteElo "1000"]
[BlackElo "731"]
[PlyCount "26"]
[Result "0-1"]

1.g3 Nf6 2.Bh3 e6 3.Na3 Bxa3 4.bxa3 b6 5.a4 Bb7 
6.Rb1 Bxh1 7.f3 O-O 8.Ba3 c5 9.Bg4 Nxg4 10.fxg4 
Qg5 11.a5 Qxg4 12.h3 Qxg3+ 13.Kf1 
Bg2+ 0-1

[Event "ACL-A125"]
[Site "www.playchess.de"]
[Date "2001.03.20"]
[Round "13"]
[White "Yogibear"]
[Black "Lycanth"]
[WhiteElo "1813"]
[BlackElo "1500"]
[PlyCount "64"]
[Result "1/2-1/2"]

1.d3 {good luck and greetings!}  d5 {Hello ! good 
luck to u too}  2.Nf3 Nc6 3.g3 e5 4.Bg2 Nf6 5.O-O 
Be7 6.a3 a5 7.b3 O-O 8.Bb2 e4 9.dxe4 Nxe4 10.Nbd2 
Bf5 11.c4 Re8 12.Nxe4 dxe4 13.Nd4 Nxd4 14.Bxd4 Qd6 
15.e3 Rad8 16.Qc2 Qg6 17.Rfd1 b6 18.c5 Qc6 19.b4 
bxc5 20.bxc5 Rd5 21.Rdc1 Bg5 22.Qc3 Rxd4 23.exd4 
Bxc1 24.Rxc1 Qa4 25.Re1 h6 26.d5 Bg6 27.Bf1 Rb8 
28.Bc4 Kh7 29.Kg2 f5 30.f3 Re8 31.fxe4 fxe4 32.Rb1 
e3 1/2-1/2

[Event "HCL-C233"]
[Site "www.playchess.de"]
[Date "2001.03.20"]
[Round "9"]
[White "Barani_S"]
[Black "century19"]
[WhiteElo "1000"]
[BlackElo "1000"]
[PlyCount "23"]
[Result "1-0"]

1.e4 e5 {Hello Italy!}  2.Nf3 Nc6 3.d4 {hello}  
Nf6 4.d5 Ne7 5.Nxe5 Nxe4 6.Qf3 Nf6 7.Nc3 d6 8.Bb5+ 
Bd7 9.Bxd7+ Qxd7 10.Nxd7 Nxd7 11.Nb5 c6 
12.Nxd6+ 1-0

[Event "HCL-B232"]
[Site "www.playchess.de"]
[Date "2001.03.20"]
[Round "5"]
[White "lonewolf"]
[Black "Yogibear"]
[WhiteElo "1159"]
[BlackElo "1853"]
[PlyCount "55"]
[Result "1-0"]

1.d4 {Hi,good luck}  d5 {Hi, good luck,too, 
everything all right now!!}  2.c4 e5 3.dxe5 {I 
like this set up better}  d4 {Yes, I also do! 
Greetings!}  4.Nf3 {Greetings to you also}  Nc6 
5.g3 Bg4 6.Bg2 Qd7 7.O-O O-O-O 8.Qb3 h5 9.Rd1 h4 
10.Nxd4 hxg3 11.hxg3 Bc5 12.Be3 Bxe2 13.Rd2 Bxd4 
{very nice game!!}  14.Rxd4 Qxd4 15.Bxd4 {yes it 
is}  Rxd4 16.Na3 Rd3 17.Qa4 Nge7 18.Nb5 a6 19.Qc2 
axb5 20.Qxe2 bxc4 21.Qg4+ Kb8 22.Qxg7 Rdd8 23.Qxf7 
Rhf8 24.Qxc4 Nxe5 25.Qb3 N7c6 26.Rd1 Rxd1+ 27.Qxd1 
Nd8 28.f4 1-0